<?xml version="1.0" encoding="UTF-8"?>
<collection xmlns:xsi="http://www.w3.org/2001/XMLSchema-instance" xsi:schemaLocation="http://www.loc.gov/MARC21/slim http://www.loc.gov/standards/marcxml/schema/MARC21slim.xsd" xmlns="http://www.loc.gov/MARC21/slim">
 <record>
  <leader>00000nam a2200000 n 4500</leader>
  <controlfield tag="001">UP-1685523046124776148</controlfield>
  <controlfield tag="003">Buklod</controlfield>
  <controlfield tag="005">20231124102449.0</controlfield>
  <controlfield tag="006">aa    r     001 0d</controlfield>
  <controlfield tag="007">ta</controlfield>
  <controlfield tag="008">230424s2018    enk   a r   b 001 0deng d</controlfield>
  <datafield tag="020" ind1=" " ind2=" ">
   <subfield code="a">9781138656796</subfield>
  </datafield>
  <datafield tag="035" ind1=" " ind2=" ">
   <subfield code="a">19805764</subfield>
  </datafield>
  <datafield tag="037" ind1=" " ind2=" ">
   <subfield code="a">CHK-6205</subfield>
   <subfield code="b">Goldenbooks</subfield>
   <subfield code="c">Php3125.00</subfield>
  </datafield>
  <datafield tag="040" ind1=" " ind2=" ">
   <subfield code="a">DLC</subfield>
   <subfield code="d">DCHK</subfield>
   <subfield code="e">rda</subfield>
  </datafield>
  <datafield tag="041" ind1=" " ind2=" ">
   <subfield code="a">eng</subfield>
  </datafield>
  <datafield tag="090" ind1=" " ind2=" ">
   <subfield code="a">RJ 505 .P6</subfield>
   <subfield code="b">C46 2018</subfield>
  </datafield>
  <datafield tag="100" ind1="1" ind2=" ">
   <subfield code="a">Chown, Alison</subfield>
   <subfield code="e">author</subfield>
  </datafield>
  <datafield tag="245" ind1="1" ind2="0">
   <subfield code="a">A practical guide to play therapy in the outdoors</subfield>
   <subfield code="b">working in nature</subfield>
   <subfield code="c">by Alison Chown.</subfield>
  </datafield>
  <datafield tag="264" ind1=" " ind2="1">
   <subfield code="a">London</subfield>
   <subfield code="a">New York</subfield>
   <subfield code="b">Routledge, Taylor &amp; Francis Group</subfield>
   <subfield code="c">2018</subfield>
  </datafield>
  <datafield tag="300" ind1=" " ind2=" ">
   <subfield code="a">ix, 143 pages</subfield>
   <subfield code="b">illustrations</subfield>
   <subfield code="c">24 cm</subfield>
  </datafield>
  <datafield tag="336" ind1=" " ind2=" ">
   <subfield code="a">text</subfield>
   <subfield code="2">rdacontent</subfield>
  </datafield>
  <datafield tag="337" ind1=" " ind2=" ">
   <subfield code="a">unmediated</subfield>
   <subfield code="2">rdamedia</subfield>
  </datafield>
  <datafield tag="338" ind1=" " ind2=" ">
   <subfield code="a">volume</subfield>
   <subfield code="2">rdacarrier</subfield>
  </datafield>
  <datafield tag="504" ind1=" " ind2=" ">
   <subfield code="a">Includes bibliographical references and index</subfield>
  </datafield>
  <datafield tag="505" ind1="0" ind2=" ">
   <subfield code="a">Introduction -- A brief history of play therapy -- Considering the concept and purpose of play -- Play in a broader context -- Play therapy in nature -- meanings and metaphors -- Getting started : practical, ethical and philosophical considerations -- Places to go, spaces to use -- meeting the elements.</subfield>
  </datafield>
  <datafield tag="520" ind1=" " ind2=" ">
   <subfield code="a">A Practical Guide to Play Therapy in the outdoors responds to the significant and growing interest in the play therapy community of working in nature. Alison Chown provides practical ideas about why we might decide to take play therapy practice into outdoor setting and how we might do this safely and ethically. This book discusses how nature provide a second intermediate playground and can be seen as a co-therapist in play therapy. It explores the relevance of different environments to the play therapy process by considering the elements of earth, air, fire, water and wood. It looks at the way we can connect with nature to find a sense of place and details some activities to do with children in play therapy to get started. The book provides an important guide for the practitioner and talks them through the crucial guidelines that are necessary for outdoor play therapy and gives a philosophical perspective to working in nature. It will be engaging and essential reading for play therapists in training and practice</subfield>
  </datafield>
  <datafield tag="650" ind1=" " ind2="0">
   <subfield code="a">Child psychotherapy.</subfield>
  </datafield>
  <datafield tag="650" ind1=" " ind2="0">
   <subfield code="a">Nature, Healing power of.</subfield>
  </datafield>
  <datafield tag="650" ind1=" " ind2="0">
   <subfield code="a">Play therapy.</subfield>
  </datafield>
  <datafield tag="905" ind1=" " ind2=" ">
   <subfield code="a">FO</subfield>
  </datafield>
  <datafield tag="852" ind1="0" ind2=" ">
   <subfield code="a">UPD</subfield>
   <subfield code="b">DCHK</subfield>
   <subfield code="h">RJ 505 .P6</subfield>
   <subfield code="i">C46 2018</subfield>
  </datafield>
  <datafield tag="942" ind1=" " ind2=" ">
   <subfield code="a">Book</subfield>
  </datafield>
 </record>
</collection>
